|
|
|
|
| LEADER |
00736 a2200169 4500 |
| 008 |
100208b ||||| |||| 00| 0 eng d |
| 020 |
|
|
|a 9789351505662 (hardback : alk. paper)
|c Rs 750
|
| 082 |
0 |
0 |
|a 305.48/69709540902
|
| 100 |
1 |
|
|a Sharma, Sudha.
|
| 245 |
1 |
4 |
|a The status of Muslim women in medieval India /
|c Sudha Sharma
|
| 260 |
|
|
|a New Delhi:
|b Sage Publications India Pvt Ltd,
|c 2016.
|
| 300 |
|
|
|3 270 p.
|
| 650 |
|
0 |
|a Women
|
| 650 |
|
0 |
|a Muslim women
|
| 942 |
|
|
|c BK
|
| 999 |
|
|
|c 318621
|d 318621
|
| 952 |
|
|
|0 0
|1 0
|2 ddc
|4 0
|6 305_480000000000000_69709540902_SHA_S
|7 0
|8 RUSA
|9 364796
|a ECN
|b ECN
|c ST1
|d 2017-05-17
|e The Book shop, Publication Division, University of Calicut.
|i 8958
|l 1
|m 1
|o 305.48/69709540902 SHA/S
|p ECN8958
|r 2017-12-05
|s 2017-09-22
|w 2017-05-17
|y BK
|